000 00311nam a2200121Ia 4500
008 240731s9999 xx 000 0 und d
022 _a1945-5119
245 0 _aTopics in Stroke Rehabilitation
260 _bTaylor & Francis
856 _uhttps://www.tandfonline.com/loi/ytsr20
942 _2ddc
942 _cTFEJ
999 _c80148
_d80148
945 _a1
_bMadushi Gamage
_c1
_dMadushi Gamage